000 00814nam a2200217Ia 4500
003 GCL
005 20240530101909.0
008 140319s9999 xx 000 0 ara d
040 _aGCL /
_cGCL
082 0 4 _a932
_bق/ع ح
100 1 _aعبدالعزيز صالح
245 1 0 _aحضارة مصر القديمة واثارها :
_bالجزء الاول فى الاتجاهات الحضارية العامة حتى اواخر الالف الثالث ق.م /
_cعبدالعزيز صالح
260 _aالقاهرة :
_bمكتبة الانجلو الامريكية ،
_c19؟؟
300 _a450 ص ؛
_c25 سم
650 0 4 _aتاريخ
650 0 4 _aالحضارة
650 0 4 _aمصر القديمة
650 0 4 _aالحضارة الفرعونية
650 0 4 _aعلم المصريات
942 _2ddc
_cBK
999 _c28539
_d28539